000 00473nam a22001577a 4500
003 OSt
005 20221006160454.0
008 221006b |||||||| |||| 00| 0 eng d
040 _cBiblioteca Lado V
082 _a708
_bL579t
100 _972
_aLeon de la Barra, Pablo
_eautor
245 _aTo be Political it has to look nice/
_bLa colección jumex/
260 _aCiudad de Mexico
_c2003
300 _a110p.
_c21x14cm
942 _2ddc
_c1
_h708
_iL579t
_n0
999 _c2198
_d2198